Music Quiz

Random Music or Kpop Quiz

Monsta X Fact Sheet Quiz Stats

Quiz not verified by Sporcle

Challenge
Share
Tweet
Embed
Score 0/92 Timer 15:00
0 Plays Today
Hint Answer % Correct
General Information7
98.4%
Members (Oldest to Youngest)I.M
97.6%
Members (Oldest to Youngest)Shownu
97.4%
Members (Oldest to Youngest)Wonho
97.3%
Members (Oldest to Youngest)Minhyuk
97.3%
Members (Oldest to Youngest)Jooheon
97.3%
Members (Oldest to Youngest)Hyungwon
97.1%
Members (Oldest to Youngest)Kihyun
96.9%
General InformationMonbebe
95.8%
RolesI.M
92.5%
RolesMinhyuk
92.3%
RolesShownu
92.3%
RolesWonho
92.3%
RolesKihyun
92.1%
RolesJooheon
92.1%
RolesHyungwon
92.1%
General InformationStarship Entertainment
91.8%
BirthdaysWonho
89.4%
BirthdaysI.M
89%
General InformationNO.MERCY
88.9%
BirthdaysShownu
88.6%
BirthdaysKihyun
88.5%
BirthdaysMinhyuk
88.1%
BirthdaysHyungwon
87.7%
BirthdaysJooheon
87.5%
Members Full NamesLee Minhyuk
80.6%
Members Full NamesShin Hoseok
76.7%
Members Full NamesLee Jooheon
72.7%
Members Full NamesYoo Kihyun
67.6%
Members Full NamesChae Hyungwon
67.2%
Members Full NamesLim Changkyun
64.1%
Hint Answer % Correct
Members Full NamesSon Hyunwoo
61.9%
EPsTrespass
58.2%
Studio AlbumShine Forever
58.1%
EPsRush
54.6%
First EP TracksTrespass
50.9%
First Re-Packaged Studio Album TracksShine Forever
48.6%
EPsThe Connect: Dejavu
44.4%
Second EP TracksRush
43%
First Re-Packaged Studio Album TracksGravity
41.9%
General Information14.5.2015
40.7%
EPsThe Clan Part. 2 'GUILTY'
40.7%
EPsThe Clan Part. 1 'LOST'
40.5%
EPsThe Code
40%
Second EP TracksHero
39.6%
First Studio Album TracksBeautiful (아름다워)
38.5%
Third EP TracksAll In
36.6%
Fourth EP TracksFighter
36.1%
First EP TracksNo Exit
35.7%
First Studio Album TracksReady or Not
34.2%
Third EP TracksStuck
33.2%
Fifth EP TracksDramarama
32.3%
First Studio Album TracksOI/Oi
31.5%
Second EP TracksPerfect Girl
31%
Fourth EP TracksBe Quiet
31%
Second EP TracksAmen
30.8%
First EP TracksBlue Moon
30.6%
Third EP TracksEx Girl
30.6%
Fourth EP TracksQueen
30.6%
First EP TracksInterstellar
30.4%
Fourth EP TracksRoller Coaster
30.4%
Fourth EP TracksBlind
30%
Hint Answer % Correct
First Studio Album TracksMiss You
29.7%
First Studio Album TracksIncomparable (넘사벽)
29.5%
First Studio Album Tracks5:14 (Last Page)
29.5%
Fifth EP TracksNow or Never
29.2%
Fifth EP TracksIn Time
29.2%
Fifth EP TracksX
29.2%
Fifth EP TracksFrom Zero
29.2%
First Studio Album TracksNeed U (니가 필요해)
29.1%
Studio AlbumThe Clan Part. 2.5: The Final Chapter
28.9%
First EP TracksHonestly
28.9%
First Studio Album TracksCalm Down
28.9%
Second EP TracksGone Bad
28.6%
First EP TracksOne Love
28.2%
First Studio Album TracksAll I Do (너만 생각해)
28.2%
Fifth EP TracksDeja Vu
27.7%
Fifth EP TracksTropical Night (열대야)
27.7%
First Studio Album TracksI'll Be There (넌 어때)
27.7%
Second EP TracksBroken Heart
27.3%
First EP TracksSteal Your Heart
26.9%
Fourth EP TracksWhite Love
26.7%
Third EP TracksBecause of U
26.4%
Third EP TracksUnfair Love
25.1%
Third EP TracksSweetheart
23.1%
Sixth EP TracksJealousy
11.1%
Sixth EP TracksDestroyer
11.1%
Sixth EP TracksFallin' (폭우)
11.1%
Sixth EP TracksCrazy In Love (미쳤으니까)
11.1%
Sixth EP TracksLost In The Dream
11.1%
Sixth EP TracksIf Only
11.1%
Sixth EP TracksSpecial
11.1%

You're not logged in!

Compare scores with friends on all Sporcle quizzes.
Join for Free
OR
Log In

You Might Also Like...

Show Comments

Extras

Top Quizzes Today


Score Distribution

Your Account Isn't Verified!

In order to create a playlist on Sporcle, you need to verify the email address you used during registration. Go to your Sporcle Settings to finish the process.

Report this User

Report this user for behavior that violates our Community Guidelines.

Details: